Bytový dom

Enregistré dans:
Détails bibliographiques
Auteur principal: Nemcová, Zuzana (Auteur)
Autres auteurs: Buday, Peter (Directeur de thèse)
Format: Manuscrit Livre
Langue:slovaque
Publié: 2019
Sujets:
Accès en ligne:http://is.stuba.sk/zp/portal_zp.pl?podrobnosti=124934
https://opac.crzp.sk/?fn=detailBiblioForm&sid=72994EA9AD52E4DE4F914A064587
Tags: Ajouter un tag
Pas de tags, Soyez le premier à ajouter un tag!

MARC

LEADER 00000ntm a22000003a 4500
001 stuzp73227
003 SK-STU
005 20230608135216.3
007 ta
008 150427s2015----xo-----f-mn---000-0-slo-d
040 |a STU  |b slo 
041 0 |a slo 
100 1 |a Nemcová, Zuzana  |u 010180  |4 aut  |U SvF Stavebná fakulta  |T SvF Katedra konštrukcií pozemných stavieb  |X 81225  |U V180  |Y 18  |7 81225 
242 0 1 |a Residential building  |y eng 
245 1 0 |a Bytový dom 
260 |c 2019 
650 4 |a Bytový dom  |2 slo 
650 4 |a Zuzana Nemcová  |2 slo 
650 4 |a Ing. Peter Buday, PhD.  |2 slo 
650 4 |a Residential building  |2 eng 
650 4 |a Zuzana Nemová  |2 eng 
650 4 |a Ing. Peter Buday, PhD.  |2 eng 
700 1 |a Buday, Peter  |u 010180  |k Z1  |4 ths  |U SvF Stavebná fakulta  |T SvF Katedra konštrukcií pozemných stavieb  |X 962  |U V180  |Y 18  |7 A000000962 
856 4 |u http://is.stuba.sk/zp/portal_zp.pl?podrobnosti=124934 
856 4 |u https://opac.crzp.sk/?fn=detailBiblioForm&sid=72994EA9AD52E4DE4F914A064587